<?xml version="1.0" encoding="UTF-8"?>
<record
    xmlns:xsi="http://www.w3.org/2001/XMLSchema-instance"
    xsi:schemaLocation="http://www.loc.gov/MARC21/slim http://www.loc.gov/standards/marcxml/schema/MARC21slim.xsd"
    xmlns="http://www.loc.gov/MARC21/slim">

  <leader>03069cam a22002775a 4500</leader>
  <datafield tag="999" ind1=" " ind2=" ">
    <subfield code="c">27449</subfield>
    <subfield code="d">27420</subfield>
  </datafield>
  <controlfield tag="005">20190518092220.0</controlfield>
  <controlfield tag="008">030811t2003    inua   frd    001 0 eng d</controlfield>
  <datafield tag="020" ind1=" " ind2=" ">
    <subfield code="a">1587050757</subfield>
  </datafield>
  <datafield tag="020" ind1=" " ind2=" ">
    <subfield code="a">9781587050756</subfield>
  </datafield>
  <datafield tag="040" ind1=" " ind2=" ">
    <subfield code="a">StDuBDS</subfield>
    <subfield code="b">eng</subfield>
    <subfield code="c">Uk</subfield>
    <subfield code="d">EG-ScBUE</subfield>
    <subfield code="d">EG-ScBUE</subfield>
  </datafield>
  <datafield tag="082" ind1="0" ind2="4">
    <subfield code="a">004.6</subfield>
    <subfield code="b">GIR</subfield>
    <subfield code="2">22</subfield>
  </datafield>
  <datafield tag="100" ind1="1" ind2=" ">
    <subfield code="a">Giralt, Paul.</subfield>
  </datafield>
  <datafield tag="245" ind1="1" ind2="0">
    <subfield code="a">Troubleshooting Cisco IP telephony /</subfield>
    <subfield code="c">Paul Giralt, Addis Hallmark, Anne Smith.</subfield>
  </datafield>
  <datafield tag="260" ind1=" " ind2=" ">
    <subfield code="a">Indianapolis, IN :</subfield>
    <subfield code="b">Cisco Press ;</subfield>
    <subfield code="c">c.2003.</subfield>
  </datafield>
  <datafield tag="300" ind1=" " ind2=" ">
    <subfield code="a">xxxiii, 973 p. :</subfield>
    <subfield code="b">ill. ;</subfield>
    <subfield code="c">24 cm.</subfield>
  </datafield>
  <datafield tag="500" ind1=" " ind2=" ">
    <subfield code="a">"A Cisco AVVID solution"_Cover.</subfield>
  </datafield>
  <datafield tag="500" ind1=" " ind2=" ">
    <subfield code="a">Includes index.</subfield>
  </datafield>
  <datafield tag="520" ind1=" " ind2=" ">
    <subfield code="a">Reveals the methodology you need to resolve complex problems in an IP telephony network

Master troubleshooting techniques and methodologies for all parts of a Cisco IP Telephony solution-Cisco CallManager, IP phones, gateways, applications, and more
Learn how to investigate and resolve voice quality problems, including delayed audio, choppy or garbled audio, static and noise, one-way or no-way audio, and echo
Read about the variety of trouble-shooting tools at your disposal and how and when to use them based on the problem type
Discover the potential causes of common problems and how to efficiently troubleshoot them to resolution
Learn how to identify and resolve gateway problems by breaking the components into logical groups and following a methodical troubleshooting approach
Use best practices recommendations to build a stronger IP telephony deployment and avoid common mistakes
IP telephony represents the future of telecommunications: a converged data and voice infrastructure boasting greater flexibility and more cost-effective scalability than traditional telephony. The ability to troubleshoot an IP telephony environment and the underlying network infrastructure is vitally important, just as it is in any complex system.

Troubleshooting Cisco IP Telephony teaches the troubleshooting skills necessary to identify and resolve problems in an IP telephony solution. This book provides comprehensive coverage of all parts of a Cisco IP Telephony (CIPT) solution, including CallManager, IP phones, gateways, analog devices, database and directory replication, call routing, voice mail, applications, network infrastructure, and more. You'll learn how to read trace files, determine when to turn on tracing and Cisco IOS(r) Software voice debugging, and how to troubleshoot voice quality issues.

Troubleshooting Cisco IP Telephony shows you how to break down problems to find the root cause. Descriptions of each part of the CIPT solution help you understand the functionality of each part of the solution and how each part interacts with other parts of the solution. You'll then learn what steps to take and tools to use to identify and resolve the cause of the problem.</subfield>
  </datafield>
  <datafield tag="650" ind1=" " ind2="7">
    <subfield code="a">Internet telephony.</subfield>
    <subfield code="2">BUEsh</subfield>
    <subfield code="9">23321</subfield>
  </datafield>
  <datafield tag="650" ind1=" " ind2="7">
    <subfield code="a">Telephone systems</subfield>
    <subfield code="x">Maintenance and repair.</subfield>
    <subfield code="2">BUEsh</subfield>
  </datafield>
  <datafield tag="651" ind1=" " ind2=" ">
    <subfield code="2">BUEsh</subfield>
  </datafield>
  <datafield tag="653" ind1=" " ind2=" ">
    <subfield code="b">COMSCI</subfield>
    <subfield code="c">May2019</subfield>
  </datafield>
  <datafield tag="700" ind1="1" ind2=" ">
    <subfield code="a">Hallmark, Addis.</subfield>
  </datafield>
  <datafield tag="700" ind1="1" ind2=" ">
    <subfield code="a">Smith, Anne,</subfield>
    <subfield code="d">1966-</subfield>
  </datafield>
  <datafield tag="942" ind1=" " ind2=" ">
    <subfield code="2">ddc</subfield>
  </datafield>
  <datafield tag="952" ind1=" " ind2=" ">
    <subfield code="0">0</subfield>
    <subfield code="1">0</subfield>
    <subfield code="2">ddc</subfield>
    <subfield code="4">0</subfield>
    <subfield code="7">0</subfield>
    <subfield code="8">Baccah</subfield>
    <subfield code="a">MAIN</subfield>
    <subfield code="b">MAIN</subfield>
    <subfield code="c">LOW</subfield>
    <subfield code="d">2019-05-13</subfield>
    <subfield code="e">Purchase</subfield>
    <subfield code="g">415.95</subfield>
    <subfield code="h">93945</subfield>
    <subfield code="l">0</subfield>
    <subfield code="o">004.6 GIR</subfield>
    <subfield code="p">000043505</subfield>
    <subfield code="r">2025-07-15 00:00:00</subfield>
    <subfield code="y">BB</subfield>
  </datafield>
</record>
